Eastern African Capitals - Statistics

General Stats
  • This quiz has been taken 2,273 times
  • The average score is 5 of 7
Answer Stats
Hint Answer % Correct
Djibouti Djibouti
93%
Kenya Nairobi
93%
Ethiopia Addis Ababa
78%
Somalia Mogadishu
75%
Eritrea Asmara
66%
Uganda Kampala
65%
Tanzania Dodoma
61%
No matching quizzes found
Score Distribution
Percent of People with Each Score
Percentile by Number Answered
Your Score History
You have not taken this quiz